| 000 | 00676nam a22002297a 4500 | ||
|---|---|---|---|
| 003 | BPGM | ||
| 005 | 20260625222912.0 | ||
| 008 | 260625b2004 mx k|||| |||| 00| 0 spa d | ||
| 040 |
_aBPGM _bspa |
||
| 041 |
_aspa _hspa |
||
| 082 | 0 | 4 |
_aPTM / _b540 / |
| 100 | _aNUÑEZ RAMIREZ, MARIA DE LOS ANGELES | ||
| 245 | _aRUMBO A LA OLIMPIADA DE QUIMICA | ||
| 260 |
_aQUERETARO; _bQUERETARO UAQ. _c2004 |
||
| 300 |
_a92 paginas, _c21.2 cm x 16.7 cm |
||
| 336 |
_2rdacontent _atexto _btxt |
||
| 337 |
_2rdamedia _asin mediación _bn |
||
| 338 |
_2rdacarrier _avolumen _bnc |
||
| 650 | _aCIENCIAS NATURALES Y MATEMATICAS | ||
| 650 | _aQUIMICA Y CIENCIAS AFINES | ||
| 942 |
_2ddc _cCOLQ |
||
| 999 |
_c68672 _d68672 |
||